000
00282nam a22001097a 4500
008
211013b ||||| |||| 00| 0 eng d
050
_a
Periodical
245
_a
Ethics
260
_a
Chicago
_b
University of Chicago Press
_c
1994
300
_a
not specified
942
_2
lcc
_c
PERIODICAL
999
_c
130760
_d
130760